| 000 | 00345 a2200157 4500 | ||
|---|---|---|---|
| 001 | 44713 | ||
| 020 | _a8585642629 | ||
| 040 | _cAnchieta - Aquarius | ||
| 100 | _aWood, Jakki | ||
| 240 | 1 | 0 |
_aExplorando o espaço _lpor |
| 245 | 1 | 0 | _aExplorando o espaço |
| 300 | _a29 | ||
| 362 | 0 | _a1996 | |
| 650 | 4 | _aLiteratura infanto-juvenil | |
| 942 | _cBK | ||
| 999 |
_c44713 _d44713 |
||